000 00312nam a22001217a 4500
003 SGT
082 _a070
_bC94S
100 _aशर्मा, सुरेश
245 _aचंद्रशेखर से संवाद
260 _bयंग इंडियन
_c1994
300 _a115
942 _2ddc
_cBK
999 _c31961
_d31961